Film diretti da Luchino Visconti - Statistics

Statistiche generali
  • Questo quiz è stato fatto 6 volte
  • Il punteggio medio è 2 su 9
Statistiche sulle risposte
con Immagini Risposta % Corretto
Il gattopardo
80%
Morte a Venezia
40%
Senso
40%
Bellissima
20%
Ludwig
20%
Ossessione
20%
Gruppo di famiglia in un interno
0%
Le notti bianche
0%
L'innocente
0%
Nessun quiz corrispondente trovato
Distribuzione punteggi
Percentuale di utenti per punteggio
Percentile per numero di risposta
I tuoi punteggi nel tempo
Non hai fatto questo quiz